000 00355nam a2200133 i 4500
001 bg
100 1 _aJANUSZEWSKI, Józef
245 0 _aWymiana ciepła w radiacyjnym urządzeniu chłodzącym z akumulacją /
_cJ. Januszewski.
260 _aWrocław,
_c1990.
040 _cBPK
041 _apol
942 _cKS
008 s pl f |000 0 pol
999 _c29411
_d29411
856 _uhttp://koha.tu.koszalin.pl/cgi-bin/koha/opac-detail.pl?biblionumber=29411
_yKatalog online BPK